Statistiken für Zufällige Buchstaben eingeben

Klicken Sie hier um das Quiz zu spielen!

Allgemein

  • Dieses Quiz wurde 332 mal gespielt
  • Das Durchschnittsergebnis liegt bei 36 aus 40

Antwortstatistiken

HintAntwort% Korrekt
GG
95%
PP
95%
TT
95%
CC
94%
DD
94%
MM
94%
QQ
94%
SS
94%
VV
94%
FF
93%
II
93%
KK
93%
RR
93%
SS
93%
TT
93%
UU
93%
FF
92%
HH
92%
II
92%
JJ
92%
LL
92%
EE
91%
EE
91%
GG
91%
HH
91%
JJ
91%
KK
91%
KK
91%
MM
91%
OO
91%
PP
91%
RR
91%
VV
91%
WW
91%
YY
91%
YY
91%
ZZ
91%
BB
90%
DD
90%
FF
90%
HH
90%
JJ
90%
LL
90%
NN
90%
NN
90%
QQ
90%
QQ
90%
VV
90%
WW
90%
YY
90%
BB
89%
CC
89%
CC
89%
LL
89%
PP
89%
TT
89%
WW
89%
XX
89%
ZZ
89%
AA
88%
AA
88%
BB
88%
DD
88%
GG
88%
II
88%
MM
88%
NN
88%
OO
88%
OO
88%
SS
88%
UU
88%
UU
88%
XX
88%
XX
88%
ZZ
88%
AA
87%
EE
87%
RR
87%

Verteilung der Resultate

Perzentil nach korrekt beantworteten Fragen

Anzahl Personen mit jedem Resultat

Ihre Resultats-Entwicklung

Sie haben dieses Quiz noch nicht gespielt